| 000 | 00641 a2200205 4500 | ||
|---|---|---|---|
| 003 | Nust | ||
| 005 | 20221202183851.0 | ||
| 020 | _a9812141251 | ||
| 040 | _cNust | ||
| 082 | _a621.381528,BPB | ||
| 100 |
_aA......Z _9104059 |
||
| 245 |
_aUp-to-date world's transistors-diodes-thyristors & IC 's comparison tables a.....z _bVolume-1 / _cBPB |
||
| 250 | _anew 2003 edition | ||
| 260 |
_aBPB Publication _bNew Delhi _c2003 |
||
| 300 |
_a1074 p _billus _c24 cm |
||
| 505 | _aComparison Table Reference Table (Page-2), Pin Assignments (Page-1074). | ||
| 600 |
_aA......Z _9104059 |
||
| 650 | _aTelecommunication Engineering | ||
| 942 |
_2ddc _cBK |
||
| 999 |
_c182297 _d182297 |
||